SKIN DISEASE DIGNOSIS & TREATMENT (Record no. 565)

MARC details
000 -LEADER
fixed length control field 00345nam a2200145Ia 4500
008 - FIXED-LENGTH DATA ELEMENTS--GENERAL INFORMATION
fixed length control field 150201s2005 xx 000 0 und d
082 ## - DEWEY DECIMAL CLASSIFICATION NUMBER
Classification number 616.5
Item number S05H
100 ## - MAIN ENTRY--PERSONAL NAME
Personal name NEVILLE,BRAD W
245 ## - TITLE STATEMENT
Title SKIN DISEASE DIGNOSIS & TREATMENT
250 ## - EDITION STATEMENT
Edition statement 2ND
260 ## - PUBLICATION, DISTRIBUTION, ETC. (IMPRINT)
Name of publisher, distributor, etc. MOSBY
Place of publication, distribution, etc. DELHI
Date of publication, distribution, etc. 2005
300 ## - PHYSICAL DESCRIPTION
Extent 1-661
650 ## - SUBJECT ADDED ENTRY--TOPICAL TERM
Topical term or geographic name as entry element DERMATOLOGY
942 ## - ADDED ENTRY ELEMENTS (KOHA)
Source of classification or shelving scheme Dewey Decimal Classification
Koha item type Books
Koha issues (borrowed), all copies 4
Holdings
Withdrawn status Lost status Source of classification or shelving scheme Damaged status Not for loan Collection code Home library Current library Shelving location Date acquired Source of acquisition Cost, normal purchase price Serial Enumeration / chronology SGTU Bill Number Total Checkouts Full call number Barcode Date last seen Date last checked out Bill Date Koha item type
    Dewey Decimal Classification     MEDICAL SGT Medical Library SGT Medical Library Reference Book 25/02/2010 U.B.S. DELHI 1725.00 I SGTU 982 3 616.5 S05H FM2629 30/09/2025 17/09/2025 06/04/2011 Books
    Dewey Decimal Classification     MEDICAL SGT Medical Library SGT Medical Library Reference Book 25/02/2010 U.B.S. DELHI 1725.00 I SGTU 982 2 616.5 S05H FM2630 29/12/2023 16/12/2023 06/04/2011 Books